000 00691nam a22002177a 4500
003 OSt
005 20260126070559.0
008 260126b |||||||| |||| 00| 0 eng d
020 _a9786214780730
040 _aDWCL - Main Lib.
_cOC
082 _aFil. 647.94 M488a 2024
100 _aMedalye, Imelda S.
_eAuthor
245 _aAccomodation operations and management /
_cImelda S. Medalye
260 _aManila, Philippines:
_bEdric Publishing House,
_cc2024.
300 _a100 pages;
_c25 cm.
504 _aIncludes bibliographical references.
650 _a1. Hotel management.
650 _a2. Hospitality management.
650 _a3. Tourism.
942 _2ddc
_cBK - FIL
_hFil.
_n0
999 _c7809
_d7809